Návrh vystuženého násypu vo svahovitom teréne

Saved in:
Bibliographic Details
Main Author: Jančovič, Filip, 1992- (Author)
Other Authors: Súľovská, Monika, 1968- (Thesis advisor)
Format: Manuscript Book
Language:Slovak
Published: Bratislava : STU v Bratislave SvF, 2014
Subjects:
Online Access:VAIS
https://opac.crzp.sk/?fn=detailBiblioForm&sid=82386B00AE44A4A3DDBC1CC7375F
Tags: Add Tag
No Tags, Be the first to tag this record!

MARC

LEADER 00000ntm a22000003a 4500
001 stu297390
005 20230907124136.1
008 140919s2014----xo------------------slo-d
040 |a STU  |b slo 
041 0 |a slo 
044 |a xo 
100 1 |a Jančovič, Filip,  |d 1992-  |4 aut  |u V  |T SvF Stavebná fakulta  |X 9421  |U V  |Y 10  |7 A000009421 
242 0 0 |a Design of reinforced embankment  |y eng 
245 1 |a Návrh vystuženého násypu vo svahovitom teréne 
260 |a Bratislava :  |b STU v Bratislave SvF,  |c 2014 
650 7 |a gabions  |2 estusub 
650 7 |a gabióny  |2 stusub 
700 1 |a Súľovská, Monika,  |d 1968-  |4 ths  |u V150  |U SvF Stavebná fakulta  |T SvF Katedra geotechniky  |X 700  |U V150  |Y 15  |7 A000000700 
856 4 |a info a plný text  |u http://is.stuba.sk/zp/portal_zp.pl?podrobnosti=103249  |3 VAIS 
856 4 |a CRZP  |u https://opac.crzp.sk/?fn=detailBiblioForm&sid=82386B00AE44A4A3DDBC1CC7375F